| 000 | 00373 a2200109 4500 | ||
|---|---|---|---|
| 001 | ART_23273 | ||
| 005 | 20260410161930.0 | ||
| 008 | 260409a | ||
| 245 | 1 | 0 | _aLa incapacidad de los ausentes |
| 100 | 1 | _aPaolantonio, R. | |
| 773 | 0 |
_tRevista de la Facultad de Ciencias Económicas de la Universidad de Cuyo _g- Año IV, Nº 11 (mayo/ago. 1952) _wREV22981 |
|
| 999 |
_c28478 _d28478 |
||